| 000 | 00608cam a2200229 4500 | ||
|---|---|---|---|
| 008 | 011025n1995 000 0 eng u | ||
| 020 | _a0882851527 | ||
| 035 | _a(Sirsi) u115294 | ||
| 050 | _a333.70285 | ||
| 100 |
_aOnsrud, H.J. _xEditor |
||
| 245 | _aSharing geographic information | ||
| 260 |
_aNew Jersey,USA _bCenter for Urban Policy Research _c1995 |
||
| 300 | _axviii,510p.; 24cm. | ||
| 350 | _a42.95 | ||
| 650 | _aGIS | ||
| 650 | _aGIS | ||
| 650 | _aLAND SURVEYING | ||
| 650 |
_aGeomatics _96242 |
||
| 690 | _aMAPPING AND MEASUREMENT-GIS | ||
| 700 |
_aRushton, G. _xEditor |
||
| 942 | _n0 | ||
| 999 |
_c101748 _d101748 |
||